书目信息 |
| 题名: |
城市交通规划
|
|
| 作者: | 王炜 编 | |
| 分册: | ||
| 出版信息: | 东南大学 1999.08 |
|
| 页数: | 294页 | |
| 开本: | 32开 | |
| 丛书名: | ||
| 单 册: | ||
| 中图分类: | TU984.181 | |
| 科图分类: | ||
| 主题词: | 城市规划 | |
| 电子资源: | ||
| ISBN: | 7-81050-461-9 | |
| 000 | 00535nam0 2200193 45 | |
| 001 | 0003150919 | |
| 005 | 20001021100316.6 | |
| 010 | @a7-81050-461-9@d52.00元 | |
| 100 | @a20000315d1999 km y0chiy0120 ea | |
| 101 | @achi | |
| 105 | @a z 000yy | |
| 200 | 1 | @a城市交通规划@ACheng Shi Jiao Tong Gui Hua@f王炜等编@FWang Wei Deng Bian |
| 210 | @c东南大学@d1999.08 | |
| 215 | @a294页@d32开 | |
| 606 | 0 | @a城市规划 |
| 690 | @aTU984.181@v3 | |
| 701 | @a王炜@4编 | |
| 801 | @aCN@bPftUser@c20000315 | |
| 905 | @dTU984.181@eW.125@b179716-720@f5 | |
| 城市交通规划/王炜等编.-东南大学,1999.08 |
| 294页;32开 |
| ISBN 7-81050-461-9:52.00元 |
| ● |
| 相关链接 |
|
|
|
正题名:城市交通规划
索取号:TU984.181/W.125
 
预约/预借
| 序号 | 登录号 | 条形码 | 馆藏地/架位号 | 状态 | 备注 |
| 1 | 179716 | 201797163 | 自科二线404/404自科库 21排4列3层/ [索取号:TU984.181/W.125] | 在馆 | |
| 2 | 179717 | 201797172 | 自科二线404/404自科库 12排2列5层/ [索取号:TU984.181/W.125] | 在馆 | |
| 3 | 179718 | 201797181 | 建筑库201/201建筑库 94排1列1层/ [索取号:TU984.181/W.125] | 在馆 | |
| 4 | 179719 | 201797190 | 建筑与城市规划学院资料室/101建筑库 87排4列5层/ [索取号:TU984.181/W.125] | 在馆 | |
| 5 | 179720 | 201797207 | 自科二线404/404自科库 21排4列3层/ [索取号:TU984.181/W.125] | 在馆 |